Historia contemporánea : la argentina y el mundo (1850-2005) /
Guardado en:
| Autor Principal: | |
|---|---|
| Otros Autores: | , , |
| Formato: | Libro |
| Publicado: |
Buenos Aires :
Tinta Fresca,
2006
|
| Series: | Serie Tiempo y Espacio
|
| Materias: | |
| Etiquetas: |
Agregar Etiqueta
Sin Etiquetas, Sea el primero en etiquetar este registro!
|
| LEADER | 01368nam a22003015a 4500 | ||
|---|---|---|---|
| 001 | CEM.cems012857 | ||
| 005 | 20090818124710.0 | ||
| 008 | 130507s2006##################000#0#####d | ||
| 003 | CEMS | ||
| 020 | |a 987576129X | ||
| 082 | 0 | 4 | |a Z982.06 |
| 100 | 1 | |a Melón Pirro, Julio | |
| 245 | 1 | 0 | |a Historia contemporánea : |b la argentina y el mundo (1850-2005) / |c Coordinado Por Julio Melón Pirro |
| 260 | |a Buenos Aires : |b Tinta Fresca, |c 2006 | ||
| 300 | |a 224 p. | ||
| 490 | 0 | |a Serie Tiempo y Espacio | |
| 500 | |a Incluye Nap | ||
| 505 | 0 | |a Estados nacionales e imperialismos -- La consolidación de los estados latinoamericanos -- La organización del Estado argentino -- Guerra, revolución y crisis -- El eclipse democrático y la Segunda Guerra Mundial -- La ampliación de la democracia argentina -- De la bipolaridad al fin del socialismo -- América Latina despúes de 1930 -- El peronismo y la crisis de la democracia liberal -- La Argentina reciente | |
| 653 | |a Historia | ||
| 653 | |a Historia argentina | ||
| 653 | |a Historia argentina 1850-2005 | ||
| 653 | |a Historia argentina-polimodal | ||
| 653 | |a Historia argentina-educación secundaria básica | ||
| 653 | |a Historia argentina-egb 3 | ||
| 700 | 1 | |a Acuña, Patricia | |
| 700 | 1 | |a Bazán, Sonia | |
| 700 | 1 | |a Da Orden, María Liliana | |
| 859 | |a CEMS |b BIB. CEMS - 11 de abril |h Z982.06 |i M489 |p 25119.08 |t Ej.1 | ||
